| 000 | 00404nam a22001457a 4500 | ||
|---|---|---|---|
| 003 | NUST | ||
| 005 | 20230214125612.0 | ||
| 020 | _a0201634856 | ||
| 082 |
_a745.2 _bPRC |
||
| 100 | _aPugh, stuart | ||
| 245 |
_aCreating Innovative Products using Total Design: _bthe living legacy / _cStuart Pugh |
||
| 260 |
_aUSA: _bAddison-Wesley, _c1996. |
||
| 300 |
_axxvii, 544p. ; _bHardcover, _c24cm. |
||
| 942 |
_2ddc _cBK |
||
| 999 |
_c593269 _d593269 |
||